| 000 | 00564nam a2200181 a 4500 | ||
|---|---|---|---|
| 005 | 20210219160310.0 | ||
| 008 | 081008s1994 mx r 000 0 spa d | ||
| 035 | _aUPN01000162748 | ||
| 049 | _aUNE | ||
| 080 | _aDO 341.16: 001 (093.2) 1994RES 143a. | ||
| 111 | 0 | 0 |
_aUNESCO. Consejo Ejecutivo _n(143a. _d1994 : _cParis) |
| 245 | 0 | _aActas resumidas | |
| 260 |
_aParís : _bUNESCO, _c1994. |
||
| 300 | _axii, 59 p. | ||
| 500 | _aIncluye texto en inglés, francés, chino, ruso y español | ||
| 690 | _aAcuerdos- Consejo Ejecutivo de la UNESCO | ||
| 905 | _aUNESCO | ||
| 999 |
_c134861 _d134861 |
||